| 000 | 01161cam a2200337 a 4500 | ||
|---|---|---|---|
| 001 | 16345501 | ||
| 005 | 20170105102912.0 | ||
| 008 | 100722s2010 nyuab b 001 0aeng | ||
| 010 | _a 2010933174 | ||
| 020 | _a9780374128951 (alk. paper) | ||
| 040 |
_aDLC _cDLC _dDLC |
||
| 042 | _apcc | ||
| 043 | _af-sa--- | ||
| 050 | 0 | 0 |
_aDT1974 _b.A3 2010 |
| 082 | 0 | 0 |
_a968.06/5092 _aB _222 |
| 100 | 1 |
_aMandela, Nelson, _d1918- |
|
| 245 | 1 | 0 |
_aConversations with myself / _cNelson Mandela. |
| 250 | _a1st ed. | ||
| 260 |
_aNew York : _bFarrar, Straus and Giroux, _c2010. |
||
| 300 |
_axxi, 454 p. : _bill., maps ; _c24 cm. |
||
| 504 | _aIncludes bibliographical references (p. 443) and index. | ||
| 600 | 1 | 0 |
_aMandela, Nelson, _d1918- |
| 600 | 1 | 0 |
_aMandela, Nelson, _d1918- _vArchives. |
| 650 | 0 |
_aPresidents _zSouth Africa _vBiography. |
|
| 650 | 0 |
_aPolitical prisoners _zSouth Africa _vBiography. |
|
| 650 | 0 |
_aApartheid _zSouth Africa. |
|
| 651 | 0 |
_aSouth Africa _xPolitics and government _y20th century _vSources. |
|
| 906 |
_a7 _bcbc _corignew _d2 _eepcn _f20 _gy-gencatlg |
||
| 942 |
_2ddc _cBK |
||
| 999 |
_c15184 _d15184 |
||